000 006060000a22002170004500
003 LK-CoMWRAF
005 20230925122421.0
008 230817t ||||| |||| 00| 0 eng d
040 _aLK-CoMWRAF
_dLK-CoMWRAF
_eLK-CoMWRAF
041 _aeng
082 _a297.197
_bENG
100 _aEngineer, Asgar Ali
245 _aIslam and liberation theology :
_bEssays on liberative elements in Islam
260 _aNew Delhi :
_bSterling,
_c1990
300 _avi, 238 p. ; 23 cm
650 _aIslam
650 _aIslam--Doctrines
650 _aLiberation theology
650 _aIslamic sociology
942 _cBK
999 _c2725
_d2725